00817nam a2200193 a 450000100100000000500170001000800410002704000250006808200160009311000690010924500780017826000330025630000370028970000370032604900090036395201200037295201140049299900170060600001430820250221073754.0091209s1998 dr ad 001 0 spa d aDO-SdBNPbspacBNPHU axxxxbR426i1 aRepública Dominicana.bOficina Nacional de Estadística9577510aIndicadores básicos diarios /cpresentación Maritza Rossi de Pérez. aSanto Domingo :bONE,c1998. a283 P. :bil., gráf. ;c28 cm.1 aRossi de Pérez, Maritza932267 aBNPD 0010718PDaPDbPDcCTd2009-12-09iLF1l0oxxxx R426ip14308-10r2020-06-25te. 2w2020-06-25yLFPDZNo se presta 0010718PDaPDbPDcCTd2009-12-09iLF1l0oxxxx R426ip14308-20r2020-06-25w2020-06-25yLFPDZNo se presta c13904d13904